000 00825nac a22002657a 4500
001 BR7909415
003 BR-BrBNA
005 20240105114604.0
008 230509b bl.|||m| |||| 00| 0 por d
040 _aBR-BrBNA
_bpor
_cBiblioteca Nacional de Agricultura
072 _aF00; A50
090 _a9000 BR7909415
100 1 _aNelson, W.L.
110 1 _aInstituto da Potassa e Fosfato, Piracicaba, SP (Brasil)
_95965
245 1 _aO papel da pesquisa na producao de alimentos
260 3 _aPiracicaba, SP (Brasil):
_c1979.
300 _a2 p.
490 _aInformacoes Agronomicas - Instituto da Potassa e Fosfato (Brazil)
_vno. 6
_x
500 _aSummary only
650 _aPRODUCAO VEGETAL
650 _aPESQUISA
650 _aALIMENTO
909 _a202312
_bLúcia Elande
_c55
_dLúcia Elande
942 _2AGRIS
_n0
_cMS
999 _c270210
_d270210